| 000 | 00568nam a22002057a 4500 | ||
|---|---|---|---|
| 999 |
_c10604 _d10604 |
||
| 003 | AR-CdUCM | ||
| 008 | 190401b ||||| |||| 00| 0 eng d | ||
| 040 |
_aMUNICIPALIDAD PROVINCIAL DEL CUSCO _cBIBLIOTECA MUNICIPAL DEL CUSCO |
||
| 082 |
_aEP / 803 / _bG86 |
||
| 100 |
_aGrimm, Bruder _927563 |
||
| 245 | _aHansel und Gretel / | ||
| 260 |
_bAtlantis. _c2007. |
||
| 300 | _c26 cm. | ||
| 500 | _aLibro sin numeración. | ||
| 505 | _aContenido :Cuento / | ||
| 650 |
_aLiteratura inglesa _91015 |
||
| 650 |
_aCuento _94671 |
||
| 942 |
_2ddc _cLIBROS |
||
| 945 | _arjall | ||